Our Oregon / (Record no. 278)

MARC details
000 -LEADER
fixed length control field 01424cam a2200325 a 4500
005 - DATE AND TIME OF LATEST TRANSACTION
control field 20260322212013.0
008 - FIXED-LENGTH DATA ELEMENTS--GENERAL INFORMATION
fixed length control field data
010 ## - LIBRARY OF CONGRESS CONTROL NUMBER
LC control number 2006034495
020 ## - INTERNATIONAL STANDARD BOOK NUMBER
International Standard Book Number 9780760329214 (plc w/ jacket)
020 ## - INTERNATIONAL STANDARD BOOK NUMBER
International Standard Book Number 0760329214 (plc w/ jacket)
040 ## - CATALOGING SOURCE
Original cataloging agency DLC
Transcribing agency DLC
Modifying agency DLC
043 ## - GEOGRAPHIC AREA CODE
Geographic area code n-us-or
050 00 - LIBRARY OF CONGRESS CALL NUMBER
Classification number F877
Item number .O78 2007
082 00 - DEWEY DECIMAL CLASSIFICATION NUMBER
Classification number 979.5
Edition information 22
092 ## - LOCALLY ASSIGNED DEWEY CALL NUMBER (OCLC)
Classification number 979.5 O78 2007
001 - CONTROL NUMBER
control field data
100 1# - MAIN ENTRY--PERSONAL NAME
Personal name Ostertag, George,
Dates associated with a name 1957-
245 10 - TITLE STATEMENT
Title Our Oregon /
Statement of responsibility, etc. George Ostertag.
260 ## - PUBLICATION, DISTRIBUTION, ETC.
Place of publication, distribution, etc. St. Paul, MN :
Name of publisher, distributor, etc. MBI Pub.,
Date of publication, distribution, etc. c2007.
300 ## - PHYSICAL DESCRIPTION
Extent 128 p. :
Other physical details ill. (chiefly col.) ;
Dimensions 32 cm.
650 #0 - SUBJECT ADDED ENTRY--TOPICAL TERM
Topical term or geographic name entry element Natural history
Geographic subdivision Oregon
Form subdivision Pictorial works.
651 #0 - SUBJECT ADDED ENTRY--GEOGRAPHIC NAME
Geographic name Oregon
Form subdivision Pictorial works.
651 #0 - SUBJECT ADDED ENTRY--GEOGRAPHIC NAME
Geographic name Oregon
General subdivision History, Local
Form subdivision Pictorial works.
651 #0 - SUBJECT ADDED ENTRY--GEOGRAPHIC NAME
Geographic name Oregon
General subdivision Social life and customs
Form subdivision Pictorial works.
856 42 - ELECTRONIC LOCATION AND ACCESS
Materials specified Contributor biographical information
Uniform Resource Identifier <a href="http://www.loc.gov/catdir/enhancements/fy0704/2006034495-b.html">http://www.loc.gov/catdir/enhancements/fy0704/2006034495-b.html</a>
856 42 - ELECTRONIC LOCATION AND ACCESS
Materials specified Publisher description
Uniform Resource Identifier <a href="http://www.loc.gov/catdir/enhancements/fy0704/2006034495-d.html">http://www.loc.gov/catdir/enhancements/fy0704/2006034495-d.html</a>
906 ## - LOCAL DATA ELEMENT F, LDF (RLIN)
a 7
b cbc
c orignew
d 1
e ecip
f 20
g y-gencatlg
925 0# -
-- acquire
-- 2 shelf copies
-- policy default
955 ## - COPY-LEVEL INFORMATION (RLIN)
-- lk29 2006-10-23 telework
-- lk18 2006-10-24 ; to Dewey 2006-10-27
-- lk18 2007-07-05
-- lk18 2007-07-05 to BCCD
Holdings
Withdrawn status Lost status Damaged status Not for loan Home library Current library Shelving location Date acquired Total checkouts Full call number Barcode Date last seen Price effective from Koha item type
        Centerville Centerville General stacks 22/03/2026   979.5 22 BC0010287 22/03/2026 22/03/2026 Books